000 00494nam a2200169Ia 4500
999 _c20435
_d20435
003 OSt
005 20200624113113.0
008 190216s9999||||xx |||||||||||||| ||und||
020 _a8185395772
040 _coclc
082 _a954
_bDUF/H
100 _aDuff, James Grant
_93168
245 0 _aHistory Of The Mahrattas /
_cJames Grant Duff
260 _bA Venture Of Low Price Publications,
_c1990.
_aDelhi:
300 _a388p
942 _cBK
_2ddc
_h954
_iDUF/H
_k954
_mDUF/H